000
00206 a2200097 4500
001
28725
100
_a
Mortimore, A D
245
_a
Branch Libraries
260
_a
_b
Andrew Dentch
_c
090
_c
19178
_d
19178
942
_a
NUST-CAE
_c
M
_c
10200
999
_c
263798
_d
263798